000 00681nam a2200205 i 4500
001 21806
003 ES-MaACL
005 20250808231725.0
007 t|
008 021127s1973 sp ||||1| spa d
100 1 _aAlmansa Pastor, José Manuel.
_920088
245 1 0 _aDerecho de la seguridad social /
_cJosé Manuel Almansa Pastor.
260 _aMadrid :
_bTecnos,
_c[1973]
300 _a500 p. ;
_c22 cm.
490 1 _aBiblioteca Universitaria de Editorial Tecnos
650 4 _aDerecho de la seguridad social-
_zEspaña
_911696
830 0 _aBiblioteca Universitaria de Editorial Tecnos
_9178819
852 _aES-MaACL
_jC-48799
_bR.84762
999 _c21806
_d21806